|
|
|
|
| LEADER |
00000nam0a2200000 4500 |
| 001 |
313960 |
| 005 |
20231102002629.0 |
| 035 |
|
|
|a (RuTPU)RU\TPU\book\339351
|
| 090 |
|
|
|a 313960
|
| 100 |
|
|
|a 20160205d1954 m y0rusy50 ca
|
| 101 |
0 |
|
|a rus
|
| 102 |
|
|
|a RU
|
| 105 |
|
|
|a a z 001zy
|
| 200 |
1 |
|
|a Вода и ее применение
|f Б. Н. Суслов
|g под ред. В. Г. Богорова
|
| 210 |
|
|
|a Москва
|c Военное издательство Министерства обороны Союза ССР
|d 1954
|
| 215 |
|
|
|a 107 с.
|c ил.
|
| 225 |
1 |
|
|a Научно-популярная библиотека солдата и матроса
|
| 320 |
|
|
|a Библиогр.: с. 105
|
| 606 |
1 |
|
|a Вода
|x (физика)
|2 stltpush
|3 (RuTPU)RU\TPU\subj\2694
|9 31229
|
| 606 |
1 |
|
|a Водное хозяйство
|x Общие вопросы
|2 stltpush
|3 (RuTPU)RU\TPU\subj\2747
|9 31272
|
| 610 |
1 |
|
|a физические свойства
|
| 610 |
1 |
|
|a диэлектрики
|
| 610 |
1 |
|
|a теплоемкость
|
| 610 |
1 |
|
|a круговорот воды
|
| 610 |
1 |
|
|a чистая вода
|
| 610 |
1 |
|
|a источники электроснабжения
|
| 610 |
1 |
|
|a применение
|
| 675 |
|
|
|a 532
|v 4
|
| 675 |
|
|
|a 626/628
|v 4
|
| 700 |
|
1 |
|a Суслов
|b Б. Н.
|
| 702 |
|
1 |
|a Богоров
|b В. Г.
|4 340
|
| 801 |
|
1 |
|a RU
|b 63413507
|c 20160205
|
| 801 |
|
2 |
|a RU
|b 63413507
|c 20191225
|g RCR
|
| 942 |
|
|
|c BK
|